01491cam a22003495i 4500999001700000001000800017003000900025005001700034008004100051035002400092035001200116040005200128082002200180100003200202245034700234250001900581250002300600264005300623264001000676300004700686336002600733337002800759338002700787490001400814504005100828650003200879653002600911700005100937942001200988948000801000952013301008 c28723d286944453877EG-ScBUE20200915142337.0990901t19641961enka f b 001 0 eng d a(OCoLC)ocn686007680 a4453877 aDLCbengerdacOUNdOCLdUKMdCtY-SSEdEG-ScBUE04a338.6042bEST2221 aEstall, Robert C.,eauthor.10aIndustrial activity and economic geography :ba study of the forces behind the geographical location of productive activity in manufacturing industry /cR. C. Estall, Lecturer in Geography at the London School of Economics and Political Science, R. Ogilvie Buchanan, Professor of Geography at London School of Economics and Political Science. aFirst edition. aFourth impression. 1aLondon :bHutchinson University Library,c[1964] 4cc1961 a232 pages :billustrations, maps ;c19 cm. atextbtxt2rdacontent aunmediatedbn2rdamedia avolumebnc2rdacarrier0 aGeography aIncludes bibliographical references and index. 7aIndustrial location.2BUEsh bBUSECOcSeptember20201 aBuchanan, Robert Ogilvie,d1894-1980,eauthor. 2ddccBB aREC 00102ddc40708unknownaMAINbMAINc1STd2020-09-15ePurchasel0o338.6042 ESTp000049645r2025-07-15 00:00:00w2020-09-15yBB